000
00211 a2200097 4500
001
763
100
_a
Chose,R.N
245
_a
Microwave circuit theory & analysis
260
_a
_b
Mcgrawhill
_c
090
_c
357
_d
357
942
_a
NUST-CAE
_c
M
_c
28557
999
_c
235836
_d
235836